| 000 | 00456nam a2200157Ia 4500 | ||
|---|---|---|---|
| 008 | 170221s9999 xx 000 0 und d | ||
| 100 | _aManahari Adhikari. | ||
| 245 | _aNew Media and the Loss of Individual Sovereignty | ||
| 245 | _cManahari Adhikari. | ||
| 260 | _bOnline Journal of Communication and Media Technologies | ||
| 260 | _c2016 | ||
| 300 | _a6 : 3 | ||
| 650 | _xCommunication | ||
| 650 | _xMedia Arts | ||
| 856 | _uhttp://www.ojcmt.net/ | ||
| 999 |
_c306852 _d306852 |
||